000 01177nam0a2200325 4500
001 RU\NLR\BIBL_A\022062253
005 20231213144748.0
010 _a978-5-9530-0597-5
_9200
021 _aRU
_bКН-П-23-061495
_9КН-П-23-6228
035 _a(NLR Aleph) 022062253
035 _a(RuMoRGB)012163838
090 _a12631167
_c12631167
100 _a20231027d2023 u y0rusy50 ca
101 0 _arus
102 _aRU
105 _ay z 000gy
181 0 _ai
_baxxe
182 0 _an
200 1 _aВсё в мире изменчиво - вечно
_e[стихи]
_fСергей Швидкий
203 _aТекст
_bвизуальный
_cнепосредственный
210 _aДубна
_cиздательский отдел Объединенного института ядерных исследований
_d2023
215 _a80, [1] с.
_d16
675 _a821.161.1-5
_v4
686 2 _aШ6(2=Р)8-5
700 1 _aШвидкий
_bС. В.
_gСергей Васильевич
942 _cBOOK
980 _aNB